[Event "FICGS class D 000196 email"]
[Site "FICGS email"]
[Date "2013.08.16"]
[Round "1"]
[White "Vermeulen, Aad"]
[Black "Naess, Jan Olav"]
[Result "1-0"]
[WhiteElo "1566"]
[BlackElo "1510"]
[PlyCount "21"]
[EventDate "2013.??.??"]
[EventType "tourn (corr)"]
[EventRounds "6"]
[SourceTitle "Corr 2022"]
[Source "ChessBase"]
[SourceDate "2021.10.24"]
[SourceVersion "1"]
[SourceVersionDate "2021.10.24"]
[SourceQuality "1"]

1. e4 d5 2. exd5 Qxd5 3. Nc3 Qd6 4. d4 Nf6 5. Nf3 a6 6. g3 Bg4 7. Bg2 e6 8. Bf4 Qb6 9. Qd3 Nc6 10. 0-0 0-0-0 11. Na4 1-0

[Event "FICGS class D 000193 email"]
[Site "FICGS email"]
[Date "2013.04.12"]
[Round "1"]
[White "Naess, Jan Olav"]
[Black "Valentin, Laurentiu"]
[Result "0-1"]
[WhiteElo "1475"]
[BlackElo "1507"]
[PlyCount "28"]
[EventDate "2013.??.??"]
[EventType "tourn (corr)"]
[EventRounds "6"]
[SourceTitle "Corr 2022"]
[Source "ChessBase"]
[SourceDate "2021.10.24"]
[SourceVersion "1"]
[SourceVersionDate "2021.10.24"]
[SourceQuality "1"]

1. d4 d5 2. Nf3 Bg4 3. Ne5 Bh5 4. Qd3 a6 5. Qb3 b5 6. a4 bxa4 7. Qxa4+ Nd7 8. e4 dxe4 9. Nxd7 Qxd7 10. Bb5 Qxb5 11. Qxb5+ axb5 12. Rxa8+ Kd7 13. Rxf8 f6 14. Nc3 c6 0-1

[Event "FICGS class D 000193 email"]
[Site "FICGS email"]
[Date "2013.04.12"]
[Round "1"]
[White "Strohmeier, Josef"]
[Black "Naess, Jan Olav"]
[Result "0-1"]
[WhiteElo "1498"]
[BlackElo "1475"]
[PlyCount "46"]
[EventDate "2013.??.??"]
[EventType "tourn (corr)"]
[EventRounds "6"]
[SourceTitle "Corr 2022"]
[Source "ChessBase"]
[SourceDate "2021.10.24"]
[SourceVersion "1"]
[SourceVersionDate "2021.10.24"]
[SourceQuality "1"]

1. e4 d5 2. exd5 Qxd5 3. d4 Nc6 4. Nf3 e5 5. dxe5 Qxd1+ 6. Kxd1 Bg4 7. Be2 0-0-0+ 8. Ke1 Bxf3 9. Bxf3 Nxe5 10. Be2 Nf6 11. Bg5 Bc5 12. a3 Bxf2+ 13. Kxf2 Ne4+ 14. Ke1 Nxg5 15. Nc3 Ne6 16. Rd1 Nd4 17. Rd2 Rhe8 18. h3 Nc4 19. Rd1 Nxb2 20. Rd2 Nc4 21. Rd3 Rxe2+ 22. Nxe2 Nxc2+ 23. Kd1 N2e3+ 0-1

[Event "SB-2011-0-00190"]
[Site "LSS email"]
[Date "2011.11.07"]
[Round "?"]
[White "Mroczek, Jacek"]
[Black "Naess, Jan Olav"]
[Result "1-0"]
[WhiteElo "2042"]
[BlackElo "1849"]
[PlyCount "95"]
[EventDate "2011.11.02"]
[EventType "tourn (corr)"]
[EventRounds "6"]
[EventCountry "GER"]
[SourceTitle "Telechess CBM 165"]
[Source "ChessBase"]
[SourceDate "2015.03.11"]
[SourceVersion "1"]
[SourceVersionDate "2015.03.11"]
[SourceQuality "1"]

1. d4 Nf6 2. c4 c6 3. Nc3 d5 4. Nf3 e6 5. Bg5 Nbd7 6. e3 Qa5 7. cxd5 Nxd5 8. Qd2 Bb4 9. Rc1 b6 10. a3 Bxc3 11. bxc3 h6 12. Bh4 Qxa3 13. Bd3 Ba6 14. c4 N5f6 15. 0-0 Bb7 16. Rfd1 c5 17. Ne5 0-0 18. Nxd7 Nxd7 19. d5 Ne5 20. Bb1 exd5 21. cxd5 Qa4 22. Bg3 Rfe8 23. h3 Rad8 24. Qc3 f6 25. e4 a6 26. Bf4 Qd7 27. Qg3 Qe7 28. Rc3 Kh8 29. Be3 a5 30. Bc2 Rd6 31. Rb1 Ba6 32. Rcb3 Qd8 33. f4 Nd7 34. Qg6 Nf8 35. Qh5 Re7 36. g4 b5 37. g5 c4 38. Rxb5 Bxb5 39. Rxb5 fxg5 40. Bc5 Rf6 41. f5 a4 42. Qf3 Ra6 43. Qc3 Rc7 44. Ba3 Rc8 45. Kg2 Qe8 46. Bb2 Ra7 47. Ra5 Qf7 48. Rxa7 1-0

[Event "CP-2011-P-00036"]
[Site "LSS email"]
[Date "2011.09.30"]
[Round "?"]
[White "Roberts, Anthony"]
[Black "Naess, Jan Olav"]
[Result "1-0"]
[WhiteElo "2232"]
[BlackElo "1849"]
[PlyCount "65"]
[EventDate "2011.10.01"]
[EventType "tourn (corr)"]
[EventRounds "6"]
[EventCountry "GER"]
[SourceTitle "Telechess CBM 153"]
[Source "ChessBase"]
[SourceDate "2013.03.14"]
[SourceVersion "1"]
[SourceVersionDate "2013.03.14"]
[SourceQuality "1"]

1. e4 d5 2. exd5 Qxd5 3. Nc3 Qd6 4. d4 Nf6 5. Nf3 a6 6. Be3 Bg4 7. h3 Bh5 8. g4 Bg6 9. Ne5 Nc6 10. Bg2 Rd8 11. Qe2 Nb4 12. 0-0 c6 13. g5 Nd7 14. Nxg6 Qxg6 15. a3 Nxc2 16. Be4 Nxd4 17. Bxd4 Qxg5+ 18. Bg2 e6 19. Rfd1 Be7 20. Ne4 Qg6 21. Bc3 0-0 22. Ba5 b6 23. Bc3 Nb8 24. Rxd8 Rxd8 25. Rd1 Qf5 26. Ng3 Qg5 27. Rxd8+ Bxd8 28. h4 Qc1+ 29. Bf1 Bc7 30. Nh5 Qh6 31. Bxg7 Qg6+ 32. Kh1 Nd7 33. Bc3 1-0

[Event "BI-2011-P-00028"]
[Site "LSS email"]
[Date "2011.04.17"]
[Round "?"]
[White "Cofer, David"]
[Black "Naess, Jan Olav"]
[Result "1/2-1/2"]
[WhiteElo "1511"]
[BlackElo "1950"]
[PlyCount "116"]
[EventDate "2011.04.20"]
[EventType "tourn (corr)"]
[EventRounds "10"]
[EventCountry "GER"]
[SourceTitle "Telechess CBM 157"]
[Source "ChessBase"]
[SourceDate "2013.11.12"]
[SourceVersion "1"]
[SourceVersionDate "2013.11.12"]
[SourceQuality "1"]

1. e4 d5 2. exd5 Qxd5 3. Nc3 Qd6 4. d4 Nf6 5. Nf3 a6 6. g3 Bg4 7. h3 Bh5 8. Bf4 Qb6 9. Bg2 Nc6 10. g4 Bg6 11. 0-0 0-0-0 12. Na4 Qa5 13. c4 e5 14. Bxe5 h5 15. g5 Nd7 16. Bh2 Nb6 17. Nxb6+ Qxb6 18. d5 Qxb2 19. Qb3 Qxb3 20. axb3 Nb4 21. Ne5 Re8 22. Nxg6 fxg6 23. Rfd1 h4 24. d6 Bxd6 25. Bxd6 cxd6 26. Rxd6 Rhf8 27. Rxg6 Rf7 28. c5 Re2 29. Rb6 Nc6 30. Bxc6 bxc6 31. Rxc6+ Kd7 32. Rd6+ Kc8 33. Rf1 a5 34. Rc6+ Kb7 35. Rb6+ Kc8 36. Ra6 Rf5 37. Ra8+ Kc7 38. Ra7+ Kc6 39. Rxg7 Rxc5 40. Rg8 Kd7 41. Rd1+ Ke7 42. Rd4 Rf5 43. Rxh4 Rfxf2 44. Rg4 Ra2 45. g6 Rfb2 46. Rg7+ Kf8 47. Rf7+ Kg8 48. h4 Ra1+ 49. Rf1 Rxf1+ 50. Kxf1 Rxb3 51. h5 Rb5 52. h6 Rh5 53. h7+ Kg7 54. Ke2 a4 55. Kd3 Rh2 56. Rg1 a3 57. Ke4 a2 58. Kd5 a1Q 1/2-1/2

[Event "BI-2011-P-00028"]
[Site "LSS email"]
[Date "2011.04.17"]
[Round "?"]
[White "Hartnack, Robert"]
[Black "Naess, Jan Olav"]
[Result "1/2-1/2"]
[WhiteElo "2027"]
[BlackElo "1950"]
[PlyCount "107"]
[EventDate "2011.04.20"]
[EventType "tourn (corr)"]
[EventRounds "10"]
[EventCountry "GER"]
[SourceTitle "Telechess CBM 157"]
[Source "ChessBase"]
[SourceDate "2013.11.12"]
[SourceVersion "1"]
[SourceVersionDate "2013.11.12"]
[SourceQuality "1"]

1. e4 d5 2. exd5 Qxd5 3. Nc3 Qd6 4. d4 Nf6 5. Nf3 a6 6. Bc4 Bg4 7. h3 Bh5 8. Qe2 Nc6 9. Be3 b5 10. Bb3 e6 11. d5 Nxd5 12. Nxd5 exd5 13. Bf4+ Qe7 14. Qxe7+ Nxe7 15. Bxc7 Kd7 16. Bg3 Bxf3 17. gxf3 Kc6 18. 0-0-0 Rd8 19. Rhe1 Ng6 20. f4 Be7 21. Kb1 Bf6 22. Rd3 Rd7 23. a4 Ne7 24. Rc1 Rhd8 25. c3 Nf5 26. Bd1 g6 27. a5 Kd6 28. Bg4 h5 29. Bd1 Rc7 30. Bf3 d4 31. Rdd1 Ke7 32. cxd4 Rxc1+ 33. Rxc1 Rxd4 34. Bb7 Ra4 35. Bxa6 Rxa5 36. Bb7 Ra4 37. Rc7+ Kf8 38. Bd5 Be7 39. h4 Rd4 40. Bb3 Nxg3 41. fxg3 Rd3 42. Kc2 Rxg3 43. Bd5 b4 44. Rc8+ Kg7 45. Rc7 Kf6 46. Rc6+ Kf5 47. Rc7 Bf6 48. Rxf7 Rg4 49. Bc4 Rxf4 50. Bd3+ Ke6 51. Bxg6 Rxh4 52. Kb3 Rh2 53. Kxb4 Rxb2+ 54. Kc4 1/2-1/2

[Event "BI-2011-P-00028"]
[Site "LSS email"]
[Date "2011.04.17"]
[Round "?"]
[White "Naess, Jan Olav"]
[Black "Lehnberger, Karl"]
[Result "1/2-1/2"]
[WhiteElo "1950"]
[BlackElo "2050"]
[PlyCount "89"]
[EventDate "2011.04.20"]
[EventType "tourn (corr)"]
[EventRounds "10"]
[EventCountry "GER"]
[SourceTitle "Telechess CBM 157"]
[Source "ChessBase"]
[SourceDate "2013.11.12"]
[SourceVersion "1"]
[SourceVersionDate "2013.11.12"]
[SourceQuality "1"]

1. d4 Nf6 2. Bg5 Ne4 3. Bf4 c5 4. f3 Qa5+ 5. c3 Nf6 6. d5 Qb6 7. Bc1 g6 8. e4 d6 9. Nd2 Bg7 10. a4 0-0 11. h4 h5 12. Nc4 Qc7 13. Nh3 Nbd7 14. Ng5 Nb6 15. Ne3 a5 16. Qb3 Bd7 17. Bd2 Rfc8 18. c4 Nh7 19. Nxh7 Kxh7 20. g4 Rg8 21. gxh5 gxh5 22. f4 Bd4 23. Qd1 Bg4 24. Nxg4 hxg4 25. Qc2 g3 26. Bg2 Qc8 27. 0-0-0 Qg4 28. Rde1 Kh8 29. h5 Bf2 30. Ref1 f6 31. b3 Qe2 32. h6 Nd7 33. Qc3 Bd4 34. Qf3 Qxf3 35. Rxf3 Rg4 36. Be1 Rag8 37. Bxa5 Nf8 38. Be1 Bf2 39. e5 Kh7 40. Kd2 Bxe1+ 41. Rxe1 Rh4 42. Rg1 Rh2 43. Ke3 Kxh6 44. Bf1 g2 45. Bd3 1/2-1/2

[Event "BI-2011-P-00028"]
[Site "LSS email"]
[Date "2011.04.17"]
[Round "?"]
[White "Naess, Jan Olav"]
[Black "Parmet, Daniel Edward"]
[Result "1/2-1/2"]
[WhiteElo "1950"]
[BlackElo "1689"]
[PlyCount "86"]
[EventDate "2011.04.20"]
[EventType "tourn (corr)"]
[EventRounds "10"]
[EventCountry "GER"]
[SourceTitle "Telechess CBM 157"]
[Source "ChessBase"]
[SourceDate "2013.11.12"]
[SourceVersion "1"]
[SourceVersionDate "2013.11.12"]
[SourceQuality "1"]

1. d4 Nf6 2. Bg5 Ne4 3. Bf4 d5 4. e3 Bf5 5. f3 Nf6 6. c4 Nc6 7. Nc3 e6 8. g4 Bg6 9. c5 Be7 10. h4 h6 11. h5 Bh7 12. Bb5 0-0 13. Bxc6 bxc6 14. Qa4 Qe8 15. g5 hxg5 16. Bxg5 Qd7 17. 0-0-0 Rfb8 18. Rd2 a5 19. h6 Rb4 20. Qd1 e5 21. dxe5 Ne8 22. Bxe7 Qxe7 23. Nge2 Qxe5 24. Qg1 g6 25. Nd4 Rc4 26. Nxc6 Qf6 27. Nd4 a4 28. Rc2 Rxc5 29. Rh5 c6 30. Kb1 Qd8 31. Rg5 Rc4 32. Rgg2 Nd6 33. Ka1 Kh8 34. Rc1 f6 35. f4 Qe7 36. Re2 g5 37. a3 Rg8 38. fxg5 Rxg5 39. Qd1 Bg6 40. Re1 c5 41. Nf3 Bh5 42. Rb1 Qb7 43. Rh1 Rf5 1/2-1/2

[Event "BI-2011-P-00028"]
[Site "LSS email"]
[Date "2011.04.17"]
[Round "?"]
[White "Oberlaender, Rolf"]
[Black "Naess, Jan Olav"]
[Result "0-1"]
[WhiteElo "733"]
[BlackElo "1950"]
[PlyCount "56"]
[EventDate "2011.04.20"]
[EventType "tourn (corr)"]
[EventRounds "10"]
[EventCountry "GER"]
[SourceTitle "Telechess CBM 157"]
[Source "ChessBase"]
[SourceDate "2013.11.12"]
[SourceVersion "1"]
[SourceVersionDate "2013.11.12"]
[SourceQuality "1"]

1. e4 d5 2. d4 dxe4 3. Be3 Nf6 4. Nc3 Bf5 5. Qd2 e6 6. 0-0-0 Bb4 7. h3 Nbd7 8. a3 Ba5 9. g4 Bg6 10. Bg2 0-0 11. Bg5 Bxc3 12. Qxc3 Nd5 13. Bxd8 Nxc3 14. bxc3 Raxd8 15. Ne2 f5 16. Nf4 Bf7 17. gxf5 exf5 18. h4 Nf6 19. h5 Rfe8 20. Bh3 Nxh5 21. Ne2 f4 22. Bg2 f3 23. Bh3 fxe2 24. Rde1 Bc4 25. Bg4 Nf4 26. Bf5 g6 27. Rhg1 Rd5 28. Bg4 h5 0-1

[Event "SB-2011-0-00138"]
[Site "LSS email"]
[Date "2011.03.15"]
[Round "?"]
[White "Markoja, Johann"]
[Black "Naess, Jan Olav"]
[Result "0-1"]
[WhiteElo "2007"]
[BlackElo "1940"]
[PlyCount "166"]
[EventDate "2011.02.19"]
[EventType "tourn (corr)"]
[EventRounds "6"]
[EventCountry "GER"]
[SourceTitle "Telechess CBM 149"]
[Source "ChessBase"]
[SourceDate "2012.07.17"]
[SourceVersion "1"]
[SourceVersionDate "2012.07.17"]
[SourceQuality "1"]

1. e4 b6 2. d4 Bb7 3. Nd2 e6 4. Ngf3 c5 5. c3 Nf6 6. Bd3 Be7 7. 0-0 cxd4 8. cxd4 0-0 9. a3 Qc7 10. Qe2 Nc6 11. b4 a6 12. Bb2 d5 13. Rac1 dxe4 14. Nxe4 Nd5 15. Neg5 Bxg5 16. Nxg5 h6 17. Bh7+ Kh8 18. Bb1 Qd6 19. Nf3 Nf4 20. Qe4 f5 21. Qe3 Kg8 22. Ba2 Ne7 23. Ne5 Ned5 24. Bxd5 Nxd5 25. Qg3 Rac8 26. h3 Bc6 27. Rc4 Bb5 28. Rxc8 Rxc8 29. Rc1 Rc7 30. Kh2 Qd8 31. Qb3 Qc8 32. Rxc7 Qxc7 33. Qd1 Kh7 34. Kg1 Qb7 35. Qf3 Be8 36. g3 a5 37. bxa5 bxa5 38. Qe2 a4 39. Nc4 Qa6 40. Qc2 Qc8 41. Qc1 Qb7 42. Nd6 Qb8 43. Nxe8 Qxe8 44. Qc2 Qb8 45. Qe2 Qc8 46. Kh2 Qc6 47. h4 Kg8 48. Kg1 Kf7 49. Qh5+ Kf8 50. Qe2 f4 51. Qe4 Qb6 52. Bc1 fxg3 53. fxg3 Qb3 54. Kh2 Nf6 55. Qg2 Qc4 56. Qd2 h5 57. Kg1 Qb3 58. Kg2 Ng4 59. Qa5 Qc2+ 60. Qd2 Qe4+ 61. Kg1 Kg8 62. Qd1 Qb1 63. Qd2 Qb3 64. Qe1 Kf7 65. Qf1+ Ke7 66. Qe1 Qd3 67. Bb2 Kd7 68. Bc3 Ne3 69. Bd2 Nf5 70. Bf4 Nxd4 71. Kg2 e5 72. Bc1 Ke6 73. Bb2 Qf3+ 74. Kg1 Qe2 75. Qxe2 Nxe2+ 76. Kf2 Nd4 77. Bc1 Kd5 78. Bg5 e4 79. Bc1 Nf5 80. Bf4 Kd4 81. Ke2 e3 82. Bc7 Ke4 83. Kd1 Kd3 0-1

[Event "BI-2010-F-00012"]
[Site "LSS email"]
[Date "2011.02.21"]
[Round "?"]
[White "Naess, Jan Olav"]
[Black "Hillebrand, Carsten"]
[Result "1-0"]
[WhiteElo "1931"]
[BlackElo "1669"]
[PlyCount "55"]
[EventDate "2011.02.24"]
[EventType "tourn (corr)"]
[EventRounds "10"]
[EventCountry "GER"]
[SourceTitle "Telechess CBM 151"]
[Source "ChessBase"]
[SourceDate "2012.11.13"]
[SourceVersion "1"]
[SourceVersionDate "2012.11.13"]
[SourceQuality "1"]

1. d4 Nf6 2. Bg5 Ne4 3. Bf4 c5 4. f3 Qa5+ 5. c3 Nf6 6. Nd2 cxd4 7. Nb3 Qf5 8. Bxb8 Rxb8 9. Qxd4 b6 10. e4 Qf4 11. Nh3 Qc7 12. e5 Ng8 13. 0-0-0 e6 14. Ng5 Ne7 15. Bb5 Nc6 16. Qf4 Nd8 17. Ne4 Be7 18. Qg3 0-0 19. Bxd7 Nb7 20. Bxc8 Rbxc8 21. Nf6+ Bxf6 22. exf6 Qxg3 23. hxg3 gxf6 24. Rd7 Rb8 25. Rd4 Rfd8 26. Rdh4 Kf8 27. Nd4 Ke7 28. Nc6+ 1-0

[Event "BI-2010-F-00012"]
[Site "LSS email"]
[Date "2011.02.21"]
[Round "?"]
[White "Naess, Jan Olav"]
[Black "Turoczi, Peter"]
[Result "1-0"]
[WhiteElo "1931"]
[BlackElo "1400"]
[PlyCount "47"]
[EventDate "2011.02.24"]
[EventType "tourn (corr)"]
[EventRounds "10"]
[EventCountry "GER"]
[SourceTitle "Telechess CBM 151"]
[Source "ChessBase"]
[SourceDate "2012.11.13"]
[SourceVersion "1"]
[SourceVersionDate "2012.11.13"]
[SourceQuality "1"]

1. d4 d5 2. Nf3 Bf5 3. Bg5 Nf6 4. e3 Ne4 5. Bh4 Qd6 6. c4 Nd7 7. Qb3 dxc4 8. Bxc4 e6 9. 0-0 Qb6 10. Nbd2 Qxb3 11. Bxb3 Be7 12. Bxe7 Kxe7 13. Rac1 c6 14. Nc4 Nb6 15. Na5 Nd6 16. Rfe1 Bd3 17. Ne5 Ba6 18. e4 Rac8 19. f4 Nb5 20. Nf3 Rhd8 21. Bc4 Nxc4 22. Rxc4 Nd6 23. Rcc1 h5 24. a4 1-0

[Event "BI-2010-F-00012"]
[Site "LSS email"]
[Date "2011.02.21"]
[Round "?"]
[White "Naess, Jan Olav"]
[Black "Yehuda, Ben"]
[Result "1-0"]
[WhiteElo "1931"]
[BlackElo "1685"]
[PlyCount "35"]
[EventDate "2011.02.24"]
[EventType "tourn (corr)"]
[EventRounds "10"]
[EventCountry "GER"]
[SourceTitle "Telechess CBM 151"]
[Source "ChessBase"]
[SourceDate "2012.11.13"]
[SourceVersion "1"]
[SourceVersionDate "2012.11.13"]
[SourceQuality "1"]

1. d4 Nf6 2. Bg5 h6 3. Bxf6 exf6 4. Nf3 d5 5. e3 Be6 6. Nbd2 c5 7. c4 f5 8. Qb3 Nc6 9. cxd5 Bxd5 10. Bc4 Na5 11. Qa4+ Bc6 12. Bb5 a6 13. Bxc6+ Nxc6 14. 0-0 Qd7 15. Qb3 cxd4 16. Nc4 Rd8 17. exd4 Be7 18. Rfd1 1-0

[Event "BI-2010-F-00012"]
[Site "LSS email"]
[Date "2011.02.21"]
[Round "?"]
[White "Naess, Jan Olav"]
[Black "Ziljbershtejn, Dmitrij"]
[Result "1/2-1/2"]
[WhiteElo "1931"]
[BlackElo "1779"]
[PlyCount "84"]
[EventDate "2011.02.24"]
[EventType "tourn (corr)"]
[EventRounds "10"]
[EventCountry "GER"]
[SourceTitle "Telechess CBM 151"]
[Source "ChessBase"]
[SourceDate "2012.11.13"]
[SourceVersion "1"]
[SourceVersionDate "2012.11.13"]
[SourceQuality "1"]

1. d4 d5 2. Bg5 Nf6 3. Bxf6 exf6 4. Nf3 Bd6 5. e3 0-0 6. c4 c6 7. c5 Bc7 8. Bd3 g6 9. 0-0 f5 10. Nc3 Nd7 11. b4 Nf6 12. Qb3 f4 13. exf4 Bxf4 14. Rfe1 Bg4 15. Ne5 Be6 16. h3 a5 17. b5 Bxe5 18. Rxe5 Nd7 19. Ree1 Qg5 20. Kf1 Qf4 21. Ne2 Qh2 22. Bc2 Qh1+ 23. Ng1 Nf6 24. f4 Rae8 25. Qf3 Qh2 26. Ne2 h5 27. b6 Kg7 28. Rab1 Rg8 29. Qf2 h4 30. Rb3 Ne4 31. Bxe4 dxe4 32. Rc3 Rh8 33. Qe3 f5 34. Rcc1 g5 35. fxg5 f4 36. Qg1 Qxg1+ 37. Kxg1 Rhf8 38. Rf1 f3 39. Nc3 Bc4 40. Rf2 fxg2 41. Nxe4 Rxf2 42. Kxf2 Bxa2 1/2-1/2

[Event "BI-2010-F-00012"]
[Site "LSS email"]
[Date "2011.02.21"]
[Round "?"]
[White "Simmelink, Joop Theo"]
[Black "Naess, Jan Olav"]
[Result "1-0"]
[WhiteElo "2166"]
[BlackElo "1931"]
[PlyCount "89"]
[EventDate "2011.02.24"]
[EventType "tourn (corr)"]
[EventRounds "10"]
[EventCountry "GER"]
[SourceTitle "Telechess CBM 151"]
[Source "ChessBase"]
[SourceDate "2012.11.13"]
[SourceVersion "1"]
[SourceVersionDate "2012.11.13"]
[SourceQuality "1"]

1. e4 b6 2. d4 Bb7 3. Bd3 e6 4. Nf3 c5 5. c3 Ne7 6. h4 d5 7. e5 Nec6 8. Bg5 Be7 9. 0-0 Bxg5 10. hxg5 Nd7 11. Nbd2 h6 12. g6 f6 13. Re1 0-0 14. Rc1 fxe5 15. dxe5 c4 16. Bc2 b5 17. Nd4 Nxd4 18. cxd4 Qh4 19. Nf3 Qg4 20. Re3 Nb8 21. Qd2 Nc6 22. Rd1 a5 23. Nh2 Qg5 24. Qe2 a4 25. Rg3 Qh4 26. Nf3 Qe7 27. Qe3 b4 28. Ng5 b3 29. axb3 axb3 30. Bb1 Nb4 31. Nf7 Nc2 32. Qd2 Bc8 33. Rh3 Bd7 34. Nxh6+ gxh6 35. g7 Qxg7 36. Rg3 Qxg3 37. fxg3 Kg7 38. Rc1 Ba4 39. g4 Rf7 40. Kh2 Kg6 41. Kg3 Kg7 42. Rh1 Rh8 43. Rh5 Rf1 44. g5 Kg6 45. Qe2 1-0

[Event "LSS SC-2010-0-00077"]
[Site "LSS email"]
[Date "2010.10.26"]
[Round "?"]
[White "Naess, Jan Olav"]
[Black "Lavis, Jon"]
[Result "1/2-1/2"]
[WhiteElo "1786"]
[BlackElo "1784"]
[PlyCount "91"]
[EventDate "2010.09.05"]
[EventType "tourn (corr)"]
[EventRounds "6"]
[EventCountry "GER"]
[SourceTitle "Telechess CBM 145"]
[Source "Chessbase"]
[SourceDate "2011.11.11"]
[SourceVersion "1"]
[SourceVersionDate "2011.11.11"]
[SourceQuality "1"]

1. d4 g6 2. Nf3 Bg7 3. e4 d6 4. Bg5 c5 5. c3 cxd4 6. cxd4 Nc6 7. Nc3 Bg4 8. d5 Nd4 9. Nb5 Nxb5 10. Bxb5+ Bd7 11. Bxd7+ Qxd7 12. Nd4 Rc8 13. 0-0 Nf6 14. f3 0-0 15. Qd2 Rc7 16. Be3 a6 17. Rac1 Rfc8 18. Rxc7 Qxc7 19. Ne2 Qd7 20. b3 Qd8 21. Rc1 Rc7 22. Nd4 Rc5 23. Rd1 Qc8 24. h3 Qc7 25. Kf1 Kf8 26. Ne2 Rc2 27. Rc1 Rxc1+ 28. Nxc1 Nd7 29. Ne2 h5 30. g3 Nc5 31. Kg2 Kg8 32. g4 hxg4 33. hxg4 Kf8 34. Bd4 Nd7 35. Bxg7+ Kxg7 36. g5 a5 37. f4 Nc5 38. Qc3+ Kg8 39. Qc2 Qd7 40. f5 gxf5 41. exf5 Qb5 42. Ng3 Nd7 43. Qc7 Qxd5+ 44. Kh3 Qe5 45. Qxd7 Qh8+ 46. Kg4 1/2-1/2

[Event "CP-2010-P-00017"]
[Site "LSS email"]
[Date "2010.09.28"]
[Round "?"]
[White "Brogioni, Maurizio"]
[Black "Naess, Jan Olav"]
[Result "0-1"]
[WhiteElo "1392"]
[BlackElo "1824"]
[PlyCount "92"]
[EventDate "2010.10.01"]
[EventType "tourn (corr)"]
[EventRounds "6"]
[EventCountry "GER"]
[SourceTitle "Telechess CBM 147"]
[Source "ChessBase"]
[SourceDate "2012.03.16"]
[SourceVersion "1"]
[SourceVersionDate "2012.03.16"]
[SourceQuality "1"]

1. e4 d5 2. exd5 Qxd5 3. Nc3 Qd6 4. d4 Nf6 5. Nf3 a6 6. g3 Bg4 7. Bg2 Nc6 8. 0-0 0-0-0 9. d5 Ne5 10. Nxe5 Qxe5 11. Qd3 e6 12. Bf4 Qh5 13. Qd4 Bh3 14. Qa7 Bxg2 15. dxe6 fxe6 16. Kxg2 Nd5 17. Be3 Bc5 18. Qa8+ Kd7 19. Qxb7 Rb8 20. Qxa6 Bxe3 21. fxe3 Nxe3+ 22. Kh1 Nxf1 23. Rd1+ Ke7 24. Qa3+ Kf7 25. Rxf1+ Kg8 26. Qa7 Qe8 27. Qxc7 h6 28. Rb1 Kh7 29. Qc4 Qg6 30. Ne4 Rhc8 31. Qd3 Rd8 32. Qe2 Rd4 33. Nc5 e5 34. Nb3 Ra4 35. Kg2 Rxa2 36. Qc4 Ra4 37. Qe2 Rc8 38. Rc1 Rb4 39. Na1 Qc6+ 40. Kg1 Qc5+ 41. Qf2 Rxb2 42. Qxc5 Rxc5 43. Kg2 Rc3 44. Kf2 Kg6 45. Ke1 Kg5 46. Kd2 Rf3 0-1

[Event "CP-2010-P-00017"]
[Site "LSS email"]
[Date "2010.09.28"]
[Round "?"]
[White "Naess, Jan Olav"]
[Black "Carbonell Bofill, Carlos Eloy"]
[Result "1/2-1/2"]
[WhiteElo "1824"]
[BlackElo "2245"]
[PlyCount "58"]
[EventDate "2010.10.01"]
[EventType "tourn (corr)"]
[EventRounds "6"]
[EventCountry "GER"]
[SourceTitle "Telechess CBM 151"]
[Source "ChessBase"]
[SourceDate "2012.11.13"]
[SourceVersion "1"]
[SourceVersionDate "2012.11.13"]
[SourceQuality "1"]

1. d4 Nf6 2. Bg5 Ne4 3. Bf4 c5 4. d5 Qb6 5. Qc1 e6 6. dxe6 fxe6 7. e3 Nc6 8. Bd3 g5 9. Bxe4 gxf4 10. exf4 Bh6 11. Ne2 d5 12. Bf3 Bd7 13. Bh5+ Kd8 14. 0-0 Kc7 15. Nbc3 Raf8 16. Qd2 Rhg8 17. Rad1 d4 18. Na4 Qb5 19. b3 b6 20. Bf3 Ne5 21. Be4 Bc6 22. Nac3 Qa5 23. Bxc6 Kxc6 24. Kh1 Kb7 25. g3 dxc3 26. Qe3 Nc6 27. Rd7+ Kb8 28. Qxe6 Rg6 29. Qe4 Qb4 1/2-1/2

[Event "CP-2010-P-00017"]
[Site "LSS email"]
[Date "2010.09.28"]
[Round "?"]
[White "Naess, Jan Olav"]
[Black "Giurgiu, Nicolas T"]
[Result "1/2-1/2"]
[WhiteElo "1824"]
[BlackElo "2082"]
[PlyCount "89"]
[EventDate "2010.10.01"]
[EventType "tourn (corr)"]
[EventRounds "6"]
[EventCountry "GER"]
[SourceTitle "Telechess CBM 147"]
[Source "ChessBase"]
[SourceDate "2012.03.16"]
[SourceVersion "1"]
[SourceVersionDate "2012.03.16"]
[SourceQuality "1"]

1. d4 d5 2. Nf3 e6 3. Bg5 Nf6 4. e3 c5 5. c3 Qb6 6. Qc1 Nc6 7. Bd3 c4 8. Bc2 Be7 9. Nbd2 0-0 10. h4 Bd7 11. Ne5 Qc7 12. Ndf3 b5 13. Qb1 h6 14. Bf4 Bd6 15. g4 h5 16. gxh5 Nxh5 17. Qd1 Nxe5 18. Bxe5 f5 19. Ng5 Nf6 20. f4 Rae8 21. a3 a5 22. Rg1 Re7 23. h5 Be8 24. h6 Bh5 25. Qd2 g6 26. Bd1 Bxd1 27. Rxd1 Bxe5 28. dxe5 Ng4 29. e4 Rd8 30. Rg3 b4 31. cxb4 axb4 32. exd5 c3 33. bxc3 Rxd5 34. Qg2 Rxd1+ 35. Kxd1 Rd7+ 36. Ke1 Qc8 37. Qa2 Qc6 38. Qxe6+ Qxe6 39. Nxe6 bxa3 40. Rg1 a2 41. Ke2 Rh7 42. Kd3 Rxh6 43. Ra1 Rh2 44. Nd4 g5 45. Nf3 1/2-1/2

[Event "CP-2010-P-00017"]
[Site "LSS email"]
[Date "2010.09.28"]
[Round "?"]
[White "Naess, Jan Olav"]
[Black "Von der Heydt, Hans Joachim"]
[Result "1-0"]
[WhiteElo "1824"]
[BlackElo "2050"]
[PlyCount "77"]
[EventDate "2010.10.01"]
[EventType "tourn (corr)"]
[EventRounds "6"]
[EventCountry "GER"]
[SourceTitle "Telechess CBM 151"]
[Source "ChessBase"]
[SourceDate "2012.11.13"]
[SourceVersion "1"]
[SourceVersionDate "2012.11.13"]
[SourceQuality "1"]

1. d4 Nf6 2. Bg5 Ne4 3. Bf4 c5 4. f3 Qa5+ 5. c3 Nf6 6. d5 Qb6 7. c4 g6 8. Qc1 Bg7 9. Nc3 d6 10. g4 Nc6 11. dxc6 bxc6 12. b3 0-0 13. Bg2 e5 14. Bd2 e4 15. g5 exf3 16. Nxf3 Nh5 17. Na4 Qc7 18. Bc3 Bb7 19. Bxg7 Nxg7 20. 0-0 Ne6 21. Qb2 Rad8 22. Rad1 Nf4 23. Nd2 d5 24. e4 dxc4 25. Nxc4 Rxd1 26. Rxd1 Ba6 27. Qe5 Qxe5 28. Nxe5 c4 29. Bf1 Re8 30. Nd7 Kg7 31. bxc4 Bc8 32. Nf6 Re5 33. h4 Ne6 34. Ne8+ Kf8 35. Nd6 Ba6 36. c5 Nc7 37. Nb2 Bxf1 38. Rxf1 Re7 39. Nd3 1-0